Blockchain ako budúcnosť logistiky?

Heterogénnosť a neprepojenosť IT prostredí medzi jednotlivými účastníkmi dodávateľského reťazca sú hlavné technické problémy, na ktoré treba reagovať. Ako jedno z možných riešení sa javí využitie inovatívnej technológie blockchain, ktorá prináša možnosti zdieľaného registra transakcií, zabezpečenie...

Descrizione completa

Salvato in:
Dettagli Bibliografici
Autore principale: Brezovský, Jozef
Altri autori: Neckař, Petr
Natura: Capitolo di libro
Lingua:slovacco
Soggetti:
Tags: Aggiungi Tag
Nessun Tag, puoi essere il primo ad aggiungerne!!

MARC

LEADER 00000naa a2200000 4500
001 0247176
005 20180830101925.9
041 0 |a slo 
044 |a CZ 
245 1 0 |a Blockchain ako budúcnosť logistiky?  |c Jozef Brezovský, Petr Neckař 
520 |a Heterogénnosť a neprepojenosť IT prostredí medzi jednotlivými účastníkmi dodávateľského reťazca sú hlavné technické problémy, na ktoré treba reagovať. Ako jedno z možných riešení sa javí využitie inovatívnej technológie blockchain, ktorá prináša možnosti zdieľaného registra transakcií, zabezpečenie dôvery bez potreby centrálnej autority, je schopná zabezpečiť dostupnosť, nezvratnosť a spätnú overiteľnosť transakcií prostredníctvom najmodernejších kryptografických algoritmov. Kedy má zmysel použiť blockchain. 
610 2 0 |a reťazce dodávateľsko-odberateľské 
610 2 0 |a logistika 
610 2 0 |a systémy informačné 
610 2 0 |a technológie informačné 
610 2 0 |a technológie komunikačné 
610 2 0 |a inovácia 
610 2 0 |a transparentnosť 
610 2 0 |a informácie 
100 1 |a Brezovský, Jozef 
700 1 |a Neckař, Petr